Statistics for Swedish finger names

Click here to take the quiz!

General Stats

  • This quiz has been taken 407 times
  • The average score is 4 of 5

Answer Stats

EnglishSwedish% Correct
ThumbTumme
96%
Ring fingerRingfinger
91%
Index fingerPekfinger
87%
Little fingerLillfinger
84%
Middle fingerLångfinger
82%

Score Distribution

Percentile by Number Answered

Percent of People with Each Score

Your Score History

You have not taken this quiz